00656 a2200181 4500003000400000005001700004008004100021020001800062040000900080082001500089100002500104245010200129260003800231300001500269942003600284952013700320999001700457OSt20230715124801.0230715b |||||||| |||| 00| 0 eng d a9788174090317 coclc a620bBAL/T aBallaney , P L99314 aThermal engineering: bEngineering themodynamics and energy conversion techniques /cP L Ballaney aDelhi:bKhanna Publishers,c2022. a1514 pages 2ddccBKh620iBAL/Tk620mBAL/T 00102ddc40708DAIRYaMESbMEScDAIRYd2023-07-15g696.15l0o620 BAL/Tp42055r2023-07-24 12:04:02v819.00w2023-07-15yBKzU21R1 c41840d41840